Chappell Roan Songs - Sudden Death - Statistics

General Stats
  • This quiz has been taken 1,181 times
  • The average score is 14 of 23
Answers on the Grid
Answers color-coded by a green-red scale on the quiz's grid according to % correct below.
Good Luck, Babe!
Pink Pony Club
HOT TO GO!
Red Wine Supernova
Champagne Supernova
Super Graphic Ultra Modern Girl
Femininomenon
Casual
My Kink is Karma
Naked in Manhattan
Picture You
After Midnight
California
Kaleidoscope
Guilty Pleasure
Coffee
Love Me Anyway
Good Hurt
Die Young
Bitter
Sugar High
Bad for You
School Nights
Meantime
Guess
All the Good Girls go to Hell
wish you were gay
Fight Like a Girl
Girl, so confusing
Teenage Dream
So American
Girls
we fell in love in october
Pretty Girls
Don't Tell My Mom
Superstar
To Be Human
Friend
Mess It Up
Sour Candy
Fashion
Stupid Love
This Time Last Year
If I Wanted To
i love you
 
Answer Stats
Answer % Correct
Pink Pony Club
89%
HOT TO GO!
88%
Good Luck, Babe!
87%
Red Wine Supernova
83%
Femininomenon
82%
My Kink is Karma
82%
Casual
79%
Naked in Manhattan
77%
Super Graphic Ultra Modern Girl
77%
Kaleidoscope
74%
After Midnight
67%
Coffee
67%
Picture You
66%
California
65%
Guilty Pleasure
64%
Love Me Anyway
44%
School Nights
38%
Die Young
29%
Bitter
25%
Good Hurt
25%
Sugar High
24%
Bad for You
17%
Meantime
17%
No matching quizzes found
Score Distribution
Percent of People with Each Score
Percentile by Number Answered
Your Score History
You have not taken this quiz